000 01422nam a22003137a 4500
003 DO-SdBNP
005 20240226135234.0
007 ta
008 210427e2020 dr ao||gr|||| 001 0dspa d
020 _a9789945918557
040 _aDO-SdBNP
_bspa
_cBNPHU
041 _hspa
082 4 _a641.346
_bM375f
_222
100 1 _aMarte, Domingo,
_d1939-
_910487
245 1 0 _aFrutas en República Dominicana /
_cDomingo Martes ; ilustración Aída de Taveras.
260 _aSanto Domingo :
_bJunta Agroempresarial Dominicana,
_c2020.
300 _a293 p. [6 p.] :
_bil., fots.;
_c30 cm.
500 _aIncluye índice de nombres científicos y comunes.
500 _aIncluye glosarios de términos agronómicos y botánicos.
504 _aBibliografía: p. 99
505 1 _aPresentación.-
505 _aPresentación --
_tAgradecimientos--
_tIntroducción --
_tCapsulas educativas --
_tOtras frutas --
_tFrutas escondidas
_tColeccionistas y suplidores de plantas, frutas y semillas --
_tÍndice de nombres --
_tCientíficos --
_tComunes --
_tGlosario de términos agronómicos y botánicos. Equivalencias --
_tAcerca del autor --
_tBibliográfica consultada --
_tLos patrocinadores.
650 4 _aFrutas tropicales
_928777
650 4 _aCultivos tropicales
_964409
650 4 _aFrutas
_zRepública Dominicana
_978601
700 1 _aTaveras, Aída de
_eil.
_978602
910 _aValidado. Control de calidad MFF
942 _2ddc
_cLBS1
999 _c49785
_d49785